LEADER 01252nam a2200325 a 4500 001 000000134583 003 CaOOAMICUS 005 20130625132408.0 008 130625s1986 it u000 u ita r 020 $a88-07-10063-0 040 $aPUL$bita 041 1 $aita$heng 100 1 $aRorty, Richard,$d1931-2007.$0(OLS)http://pul/name/52627 240 10$aConsequences of pragmatism.$lItaliano.$0(OLS)http://pul/title/170186 245 10$aConseguenze del pragmatismo /$cRichard Rorty. 260 $aMilano :$bFeltrinelli,$c1986. 300 $a250 p. ;$c22 cm 490 1 $aCampi del sapere.$aFilosofia 500 $aInclude indici. 504 $aNote bibliografiche. 650 4$aPragmatismo$xStudi.$0(OLS)http://pul/subject/37209 830 0$aCampi del sapere (Feltrinelli).$pFilosofia.$0(OLS)http://pul/title/81835 850 $aPUL 852 $aPUL$W1$xDP1 Fondo E. Rossi$y115$m1 R 60$j154785$qFondi$B154309$CPULBib$Z2$F154309 $82 941 1 $a1 961 $aSul dorso collocazione ms. di E. Rossi: R 24 996 $6020$a88-07-10063-0$9(OLS)http://pul/number/153115 996 $6245$aConseguenze del pragmatismo$9(OLS)http://pul/title/170187 996 $6260$aMilano :$bFeltrinelli$9(OLS)http://pul/publisher/48846 LEADER 01354nam a2200313 a 4500 001 000000147825 003 CaOOAMICUS 005 20151201085645.0 008 151201s2015 it u000 u ita r 020 $a978-88-15-25423-8* 032 $aLibriCat 040 $aPUL$bita 082 04$a261.8 100 1 $aMelloni, Alberto,$d1959-$0(OLS)http://pul/name/13983 245 10$aAmore senza fine, amore senza fini : $bappunti di storia su chiese, matrimoni e famiglie /$cAlberto Melloni. 260 $aBologna :$bIl Mulino,$cİ2015. 300 $a141 p. ;$c21 cm. 490 1 $aInersezioni (Il Mulino) ;$v433 504 $aInclude note bibliografiche. 650 4$aMatrimonio$xAspetti morali e religiosi.$0(OLS)http://pul/subject/69 830 0$aIntersezioni (Il Mulino) ;$v433.$0(OLS)http://pul/title/12445 850 $aPUL 852 $aPUL$W1$xSL Religione 3$y85$m261. 8 MELAL 2$j170655$qDDC 21$B171631$CPULBib$Z2$F171631 $H126532 $81 941 1 $a9 996 $6020$a978-88-15-25423-8* $9(OLS)http://pul/number/159087 996 $6082$a261.8$9(OLS)http://pul/classification/367 996 $6245$aAmore senza fine, amore senza fini : $bappunti di storia su chiese, matrimoni e famiglie$9(OLS)http://pul/title/186533 996 $6260$aBologna :$bIl Mulino$9(OLS)http://pul/publisher/47928